| 000 | 00000nam##2200000za#4500 |
| 001 | 9.590386 |
| 003 | CaOODSP |
| 005 | 20210624200112 |
| 007 | cr ||||||||||| |
| 008 | 150406|2014||||xxc|||||o f|0| 0 fre|d |
| 020 | |a978-1-100-54882-1 |
| 040 | |aCaOODSP|bfre |
| 041 | |aeng |
| 041 | |afre |
| 043 | |an-cn--- |
| 086 | 1 |aFR4-2014/28-PDF |
| 110 | 1 |aCanada.|bAffaires étrangères, Commerce et Développement Canada. |
| 245 | 10|aRépublique populaire de Chine / Air : |h[ressource électronique]|bProtocole modifiant l'Accord sur le transport aérien entre le gouvernement du Canada et le gouvernement de la République populaire de Chine, fait à Zhuhai le 13 novembre 2012, en vigueur : le 17 octobre 2014 |
| 260 | |aOttawa - Ontario : |bAffaires étrangères, Commerce et Développement Canada |cc2014. |
| 300 | |a12p. |
| 490 | 1 |aRecueil des traités|v2014/28 |
| 590 | |a15-10|b2015-03-06 |
| 791 | |tPeople's Republic of China / Air : |eeng|w(CaOODSP)9.590385 |
| 830 | #0|aRecueil des traités ;|v2014/28|w(CaOODSP)9.500662 |
| 856 | 40|ahttp://publications.gc.ca|qPDF|s79 Ko|uhttps://publications.gc.ca/collections/collection_2015/maecd-dfatd/FR4-2014-28.pdf|y2014/28 |